[Event "28th WSCC Open 50 2018"]
[Site "Bled"]
[Date "2018.11.18"]
[Round "1"]
[White "Movsziszian, Karen"]
[Black "Belmont Hernandez, Andres"]
[Result "1-0"]
[WhiteElo "2513"]
[BlackElo "2080"]
[Annotator "TA"]
[PlyCount "129"]
[EventDate "2018.11.17"]
[EventType "swiss"]
[EventCountry "SLO"]
[SourceTitle "playchess.com"]
[Source "ChessBase"]
[SourceQuality "1"]

{[%evp 9,129,11,18,4,10,-8,25,-7,-11,-6,-8,3,28,3,33,16,25,11,36,0,0,0,0,0,22,-31,0,0,0,0,0,0,0,-4,0,-8,0,-3,0,-4,0,-79,-71,-80,-64,-71,51,35,36,85,71,-30,-22,-91,-84,-83,-78,-70,-70,-94,110,80,241,246,233,239,195,68,38,33,55,0,0,0,0,0,0,0,80,77,137,90,177,8,8,3,270,77,77,77,79,90,176,175,976,976,1067,994,870,221,221,97,96,82,92,96,82,82,89,8,176,176,176,176,29969,29972,29979,29980,29986,29987,29991,29992]} 1. g3 Nf6 2. Bg2 d5 3. f4 Nc6 (3... g6 4. Nf3 Bg7 5. d3 O-O 6. O-O Re8 7. Qe1 Nc6 8. e4 dxe4 9. dxe4 e5 10. f5 gxf5 11. Nh4 Nxe4 12. Nxf5 Bxf5 13. Rxf5 Nd6 14. Rf1 {1-0 (50) Kamsky,G (2638)-Sevian,S (2600) Greensboro 2016}) 4. Nf3 e6 5. O-O Be7 6. d3 {A03: Bird's Opening with 1...d5} O-O 7. e3 b6 8. Kh1 $146 {White has an edge.} ({Predecessor:} 8. Qe2 Ba6 9. a3 Rb8 10. Qe1 Re8 {½-½ (33) Kubat,M (1745)-Soltys,R Klatovy 2004}) 8... Bb7 9. Qe2 a5 10. a4 Qb8 11. Nc3 Rd8 12. Nd1 Ra7 13. Nf2 Ba6 14. c4 dxc4 15. dxc4 Bb7 16. b3 Nb4 17. e4 (17. Ba3 $11) 17... Nd7 18. Bb2 Nc5 19. Nd4 Ra8 20. Rad1 Nc6 21. Qe3 Nxd4 22. Bxd4 Bc6 23. g4 {[%cal Bg3g4,Bg4g5][%mdl 32]} Qb7 24. g5 Rd7 25. Bb2 (25. Ba1 $11) 25... Rad8 $1 $17 {[%cal Ba8d8,Bd8d7,Bd7g7,Bg7g1][%mdl 32] ...Bxe4! is the strong threat.} 26. Rxd7 Rxd7 27. h4 f5 (27... Qa8 $1 $17) 28. gxf6 $1 $40 {[%mdl 128] White has some attack.} Bxf6 29. Bxf6 gxf6 30. Rg1 (30. Ng4 $16 Rd3 31. Qe2) 30... Rg7 $11 31. Qd4 (31. Bf3 $11 Qa8 32. Ng4) 31... Kf7 32. Bf3 {Strongly threatening Qd8.} Rxg1+ $1 33. Kxg1 Qc8 34. Ng4 e5 $2 (34... Qh8 $1 $17 {and life is bright.} 35. f5 e5) 35. fxe5 $16 Bxe4 $2 (35... Qd7 $16 36. Qe3 Bxe4) 36. Nh6+ $18 ({Less strong is} 36. exf6 Bxf3 37. Ne5+ Kxf6 $11) 36... Kg6 37. Bxe4+ Kxh6 38. Qe3+ (38. Qd2+ $18 Kg7 39. exf6+ Kxf6 40. Qg5+ Kf7 41. Bd5+ (41. Bxh7 Qd7 $16) 41... Ne6 42. Qf5+ Ke7 43. Qxh7+ Kd6 44. h5) 38... Kh5 $1 $14 39. Bf3+ Kg6 40. Qf4 (40. h5+ $1 $14 Kf7 41. Bd5+ Ke7 42. Qf4) 40... Qe6 $11 41. h5+ Kg7 42. h6+ Kg6 43. exf6 {[%mdl 64] Discovered Attack} Qf5 (43... Qe1+ $11 {keeps the balance.} 44. Kg2 Ne6 45. Be4+ Kf7) 44. Qxf5+ $16 {[%mdl 64] Overworked Piece} Kxf5 {[%mdl 4096] Endgame KB-KN} 45. f7 Ne6 46. Kf2 $2 (46. Bd5 $18 Nf8 47. Kf2) 46... Kg6 $11 47. Ke3 {And now Ke4 would win.} Kxh6 $2 {[%mdl 8192]} (47... Kxf7 $11 {and Black has nothing to worry.} 48. Be4 Ng5) 48. Bd5 $2 (48. Bg4 $1 $18 {[%cal Rg4e6]} Nf8 49. Kd4) 48... Nf8 $16 49. c5 $1 bxc5 50. Kd3 $1 {[%cal Rd3c4] Black must now prevent Kc4.} Kg7 51. Kc4 $1 {[%cal Rc4c5]} Nd7 $2 {[#]} (51... c6 52. Bxc6 Ne6) 52. Kb5 $1 $18 {[%cal Rb5a5]} h5 53. Kxa5 Nb8 54. Bf3 $2 (54. Bg2 Kxf7 55. Kb5) 54... Kxf7 {[#]} 55. Bxh5+ (55. Kb5 $1 $18 {and the rest is easy.}) 55... Ke7 $16 56. Kb5 Kd6 57. Be8 {Hoping for a5.} Ke7 58. Bg6 Kd6 59. Be4 (59. Bd3 $16) 59... Ke5 $2 (59... c6+ $11 {and Black stays safe.} 60. Ka5 Nd7) 60. Bf3 $18 Kd6 61. a5 {[%cal Ba4a5,Ba5a6,Ba6a7][%mdl 32]} Nd7 $2 (61... c4 $18) 62. a6 {White mates.} Nb6 63. a7 c4 64. bxc4 c6+ 65. Kxb6 {Accuracy: White = 41%, Black = 44%.} 1-0

[Event "28th WSCC Open 50 2018"]
[Site "Bled"]
[Date "2018.11.18"]
[Round "1"]
[White "Danielsen, Henrik"]
[Black "Lopez Pereyra, Antonio"]
[Result "1-0"]
[WhiteElo "2504"]
[BlackElo "2066"]
[Annotator "TA"]
[PlyCount "25"]
[EventDate "2018.11.17"]
[EventType "swiss"]
[EventCountry "SLO"]
[SourceTitle "playchess.com"]
[Source "ChessBase"]
[SourceQuality "1"]

{[%evp 19,25,29,23,5,22,20,368,360]} 1. g3 f5 2. d4 g6 3. Bg2 Bg7 4. Nf3 Nf6 5. O-O d6 6. c4 O-O 7. Nc3 Nc6 8. d5 Na5 9. Qa4 c5 {A89: Dutch Defence: Leningrad System: 5 Nf3 0-0 6 0-0 d6 7 Nc3 Nc6} 10. dxc6 bxc6 {LiveBook: 54 Games} (10... Nxc6 11. Rd1 Qb6 12. Qc2 Ng4 13. e3 Nf6 14. Nd4 Bd7 15. b3 Kh8 16. Bb2 Rac8 17. Qe2 Rce8 18. Rac1 Ne5 19. Nd5 Nxd5 20. Bxd5 e6 21. Bg2 Nf7 22. c5 Qa5 23. Bxb7 e5 24. c6 exd4 25. cxd7 Rb8 26. Bc6 {1-0 (26) Bacrot,E (2722)-Mamedov,R (2660) Shamkir 2014}) 11. Rd1 Bd7 $146 ({Predecessor:} 11... c5 12. Ng5 Rb8 13. Nd5 h6 14. Bd2 hxg5 15. Bxa5 Bd7 16. Qa3 Qe8 17. Bc7 Nxd5 18. Bxd5+ {1-0 (33) Skembris,S (2463)-Leutwyler,M (2131) Germany 2012}) 12. c5 Nb7 $2 {[%mdl 8192] [#]} (12... d5 $1 $11 {and Black has nothing to worry.}) 13. Qb3+ 1-0

[Event "28th WSCC Open 50 2018"]
[Site "Bled"]
[Date "2018.11.18"]
[Round "1"]
[White "Soffer, Ram"]
[Black "Smith, Peter R"]
[Result "1-0"]
[WhiteElo "2472"]
[BlackElo "2049"]
[Annotator "ChessBase"]
[PlyCount "58"]
[EventDate "2018.11.17"]
[EventType "swiss"]
[EventCountry "SLO"]
[SourceTitle "playchess.com"]
[Source "ChessBase"]
[SourceQuality "1"]
[TimeControl "40/5400+30:1800+30"]

1. e4 {[%emt 0:00:00]} c5 {[%emt 0:00:00]} 2. Nf3 {[%emt 0:00:00]} Nc6 {[%emt 0:00:09]} 3. Bb5 {[%emt 0:00:00]} g6 {[%emt 0:00:09]} 4. Bxc6 {[%emt 0:00:00]} dxc6 {[%emt 0:00:12]} 5. d3 {[%emt 0:00:06]} Bg7 {[%emt 0:00:19]} 6. h3 {[%emt 0:00:09]} e5 {[%emt 0:00:43]} 7. O-O {[%emt 0:05:57]} Ne7 {[%emt 0:01:41]} 8. Be3 {[%emt 0:05:06]} b6 {[%emt 0:00:14]} 9. a4 {[%emt 0:00:32]} a5 {[%emt 0:04:30]} 10. Na3 {[%emt 0:03:07]} O-O {[%emt 0:03:25]} 11. Nc4 {[%emt 0:01:38]} Qc7 {[%emt 0:01:13]} 12. b4 {[%emt 0:04:30]} b5 {[%emt 0:08:58]} 13. axb5 {[%emt 0:02:53]} cxb5 {[%emt 0:00:55]} 14. Rxa5 {[%emt 0:00:27]} Ba6 {[%emt 0:06:22]} 15. Ncd2 {[%emt 0:04:23]} cxb4 {[%emt 0:04:36]} 16. Nb3 {[%emt 0:06:11]} Nc6 {[%emt 0:09:30]} 17. Ra1 {[%emt 0:02:14]} Rfb8 {[%emt 0:05:46]} 18. Qd2 {[%emt 0:04:01]} Bc8 {[%emt 0:01:49]} 19. Bh6 {[%emt 0:12:31]} Bh8 {[%emt 0:03:24]} 20. Rxa8 {[%emt 0:02:05]} Rxa8 {[%emt 0:00:06]} 21. d4 {[%emt 0:00:06]} exd4 {[%emt 0:01:35]} 22. Nfxd4 {[%emt 0:01:11]} Nxd4 {[%emt 0:07:28]} 23. Nxd4 {[%emt 0:00:13]} Bd7 {[%emt 0:07:59]} 24. Qxb4 {[%emt 0:02:59]} Qe5 {[%emt 0:05:11]} 25. Ne2 {[%emt 0:04:52]} Bf6 {[%emt 0:07:46]} 26. Rd1 {[%emt 0:07:40]} Bxh3 {[%emt 0:06:05]} 27. gxh3 {[%emt 0:04:05]} Qh5 {[%emt 0:00:19]} 28. Qd2 {[%emt 0:00:12]} g5 {[%emt 0:00:43]} 29. Qd5 {[%emt 0:05:53]} Qxh6 {[%emt 0:01:10]} 1-0

[Event "28th WSCC Open 50 2018"]
[Site "Bled"]
[Date "2018.11.18"]
[Round "1"]
[White "Vareille, Francois"]
[Black "Peter, Steven"]
[Result "1/2-1/2"]
[WhiteElo "2432"]
[BlackElo "2040"]
[Annotator "TA"]
[PlyCount "60"]
[EventDate "2018.11.17"]
[EventType "swiss"]
[EventCountry "SLO"]
[SourceTitle "playchess.com"]
[Source "ChessBase"]
[SourceQuality "1"]

{[%evp 19,60,0,34,34,34,37,32,19,27,8,8,12,12,5,9,0,41,0,20,-4,-10,-28,-38,-70,-24,-15,-4,-73,-89,-77,-94,-94,-94,-85,-88,-79,-95,-92,-86,-164,-176,-202,-17]} 1. d4 d5 2. c4 e6 3. Nc3 a6 4. cxd5 exd5 5. Nf3 Nf6 6. Qc2 {D37: Queen's Gambit Declined: 5 Bf4} (6. Bg5 Be6 7. e3 Nbd7 8. Bd3 h6 9. Bf4 g5 10. Bg3 Nh5 11. Be5 Nhf6 12. Bg3 Nh5 13. Qb3 Nxg3 14. hxg3 {½-½ (48) Karjakin,S (2773)-Caruana,F (2822) Saint Louis 2018}) 6... Bd6 7. Bg5 Be6 8. e3 Nbd7 9. Bd3 c6 10. O-O h6 {LiveBook: 3 Games} 11. Bf4 Qc7 12. Bxd6 Qxd6 13. b4 $146 ({Predecessor:} 13. Rab1 O-O {0-1 (57) Zhao,J (2604)-Khismatullin,D (2632) Riadh 2017}) 13... O-O 14. Na4 a5 15. b5 Rfc8 {Hoping for ...cxb5.} 16. bxc6 Rxc6 17. Qb3 Rb8 18. Rab1 Ne4 19. Bb5 Rc7 20. Rb2 Nb6 21. Nd2 Nxd2 22. Rxd2 Nc4 23. Rc2 (23. Re2 $11 {remains equal.}) 23... Bf5 $17 24. Re2 Qg6 25. Nc5 {[#]} Rxc5 $1 {[%mdl 576] Remove Defender} 26. dxc5 Bd3 27. Rfe1 Bxe2 $40 {[%mdl 128] Black attacks with force.} 28. Rxe2 {[#]} Rc8 $1 29. e4 (29. Bxc4 $17 {was necessary.} dxc4 30. Qxb7) 29... Rxc5 $19 30. h3 ({Don't go for} 30. exd5 $2 Nd6 $19) 30... Rc8 $2 {Accuracy: White = 21%, Black = 71%.} ({Better is} 30... Nd6 $19 31. Bd7 dxe4) 1/2-1/2

[Event "28th WSCC Open 50 2018"]
[Site "Bled"]
[Date "2018.11.18"]
[Round "1"]
[White "Kalegin, Evgenij"]
[Black "Povse, Martin"]
[Result "1-0"]
[WhiteElo "2413"]
[BlackElo "2014"]
[Annotator "TA"]
[PlyCount "49"]
[EventDate "2018.11.17"]
[EventType "swiss"]
[EventCountry "SLO"]
[SourceTitle "playchess.com"]
[Source "ChessBase"]
[SourceQuality "1"]

{[%evp 16,49,0,5,88,76,87,71,62,49,102,94,86,84,167,174,258,263,241,254,258,237,246,237,655,655,904,823,823,811,1201,1186,1562,1527,1867,1857]} 1. e4 e6 2. d4 d5 3. Nc3 Nf6 4. e5 Nfd7 5. f4 c5 6. Nf3 Nc6 7. Be3 cxd4 8. Nxd4 Qb6 9. Qd2 {[#] LiveBook: 255 Games. Black must now prevent Nxe6!} (9. Ncb5 {seems wilder.} a6 10. Nf5 Bc5 11. Nbd6+ Kf8 12. Qh5) 9... Nxd4 {C11: French: Classical System: 4 e5 and 4 Bg5 dxe4} (9... Qxb2 $11 10. Rb1 Qa3) (9... Qxb2 10. Rb1 Qa3 11. Bb5 Nxd4 12. Bxd4 a6 13. Bxd7+ Bxd7 14. Rb3 Qe7 15. Rxb7 Qd8 16. O-O Qc8 17. Rb3 Bc5 18. Rf2 O-O 19. Nd1 Bxd4 20. Qxd4 {½-½ (31) Inarkiev,E (2684)-Kravtsiv,M (2654) Ankara 2018}) 10. Bxd4 $16 Qc6 11. O-O-O a6 $146 {White is better.} ({Predecessor:} 11... g6 12. Kb1 b6 13. Bb5 Qb7 14. g4 a6 15. Be2 b5 16. Bf3 Nb6 17. Qf2 {1-0 (44) Slekys,E (2380)-Kryzius,K (2055) Vilnius 1994}) 12. f5 b5 ({Black should try} 12... exf5 $14 13. g4 Nc5) 13. fxe6 fxe6 14. Bd3 Bc5 {[#]} (14... Be7 $16 {was called for.}) 15. Ne2 $1 $18 Ra7 (15... Be7 $142) 16. Rhf1 Nb6 17. Qg5 Re7 18. Bxh7 Kd7 19. Bg6 Bxd4 $2 (19... Kc7 20. a3 a5) 20. Nxd4 {White wants to mate with Qxe7+!White is clearly winning.} ({Less strong is} 20. Rxd4 Qc7 $16) 20... Qc4 21. Kb1 Qc5 22. Bf7 Kc7 23. Nb3 Qb4 24. Rd4 Nc4 25. c3 {Accuracy: White = 86%, Black = 31%.} 1-0

[Event "28th WSCC Open 50 2018"]
[Site "Bled"]
[Date "2018.11.18"]
[Round "1"]
[White "Van Der Werf, Mark"]
[Black "Schmuki, Roman"]
[Result "1-0"]
[WhiteElo "2402"]
[BlackElo "2011"]
[Annotator "TA"]
[PlyCount "77"]
[EventDate "2018.11.17"]
[EventType "swiss"]
[EventCountry "SLO"]
[SourceTitle "playchess.com"]
[Source "ChessBase"]
[SourceQuality "1"]

{[%evp 22,77,35,29,21,45,38,41,92,45,48,40,120,58,173,173,178,179,203,194,205,189,187,199,281,276,298,279,1146,263,1048,208,204,196,213,204,302,315,326,318,327,317,306,269,361,270,291,281,286,259,662,650,902,891,996,993,1972,1832]} 1. d4 Nf6 2. c4 e6 3. Nc3 d5 4. cxd5 exd5 5. Bg5 Be7 6. e3 c6 7. Bd3 Nbd7 8. Nge2 Nh5 9. Bxe7 Qxe7 10. g4 {[%cal Bg2g4,Bg4g5][%mdl 32]} Nhf6 11. Ng3 Nb6 {D35: Queen's Gambit Declined: Exchange Variation} 12. g5 {LiveBook: 18 Games} Ng8 13. h4 Bd7 {White is slightly better.} (13... Be6 14. Nh5 g6 15. Ng7+ Kd7 16. Nxe6 Qxe6 17. a4 a5 18. h5 Ne7 19. Qf3 {0-1 (49) Wojtaszek,R (2745)-Onischuk,A (2682) Tbilisi 2017}) 14. Qf3 $146 ({Predecessor:} 14. Qc2 O-O-O 15. Nf5 Bxf5 16. Bxf5+ Kb8 17. O-O-O g6 18. Bd3 h6 19. Rhg1 hxg5 20. hxg5 {½-½ (46) Reilly,T (2251)-Watson,B (2300) Auckland 2012}) 14... O-O-O ({Better is} 14... h6 $14) 15. O-O-O g6 16. Kb1 f5 (16... f6 $14) 17. h5 (17. Qf4 $16) 17... Qg7 (17... Qxg5 $14 18. hxg6 Qxg6) 18. Qf4 $18 Be6 19. b3 {Strongly threatening Rc1.} Ne7 20. Rc1 {Black must now prevent Nb5.} a6 21. a4 {[%cal Ba2a4,Ba4a5][%mdl 32]} Rhe8 22. Rc2 $40 {[%mdl 128] White wants a kill.} Bd7 (22... Ng8 $142 23. a5 Na8) 23. a5 Na8 24. Na4 {White wants to mate with Nb6+.} Ng8 $2 (24... Nc7 25. h6 Qf7) 25. Rhc1 $2 (25. h6 Nxh6 26. Nb6+ Nxb6 27. axb6) 25... Re6 $2 {[#]} (25... Nc7 26. b4 Qe7) 26. Nc5 $2 (26. Nxf5 $1 {[%mdl 512]} gxf5 27. Nb6+ Nxb6 28. axb6) 26... Nc7 27. Nxe6 Nxe6 28. Qd6 Nc7 (28... Qe7 {keeps fighting.} 29. Qxd5 Nxg5 30. hxg6 hxg6) 29. hxg6 hxg6 30. Ne2 Be8 31. Qg3 Qe7 32. Rh1 Qb4 33. Nc1 Qxa5 34. Rh7 Ne6 35. Qe5 Nc7 $2 {[#]} (35... Bd7 36. f4 Qc7 37. Qxc7+ Kxc7) 36. Qg7 {White is clearly winning.} Bd7 37. Qxg6 Nb5 38. Bxb5 axb5 39. Ra2 {Accuracy: White = 55%, Black = 31%.} 1-0

[Event "28th WSCC Open 50 2018"]
[Site "Bled"]
[Date "2018.11.18"]
[Round "1"]
[White "Arakhamia-Grant, Ketevan"]
[Black "Spiess, Thomas"]
[Result "1-0"]
[WhiteElo "2373"]
[BlackElo "1975"]
[Annotator "ChessBase"]
[PlyCount "48"]
[EventDate "2018.11.17"]
[EventType "swiss"]
[EventCountry "SLO"]
[SourceTitle "playchess.com"]
[Source "ChessBase"]
[SourceQuality "1"]
[TimeControl "40/5400+30:1800+30"]

1. e4 {[%emt 0:00:00]} c5 {[%emt 0:00:00]} 2. Nf3 {[%emt 0:00:00]} e6 {[%emt 0:00:00]} 3. d4 {[%emt 0:00:00]} cxd4 {[%emt 0:00:00]} 4. Nxd4 {[%emt 0:00:00]} Nc6 {[%emt 0:00:00]} 5. Nc3 {[%emt 0:00:00]} Qc7 {[%emt 0:00:06]} 6. Be3 {[%emt 0:00:08]} a6 {[%emt 0:00:28]} 7. Qd2 {[%emt 0:00:22]} b5 {[%emt 0:01:00]} 8. O-O-O {[%emt 0:01:25]} Bb7 {[%emt 0:02:35]} 9. Bf4 {[%emt 0:14:19]} e5 {[%emt 0:32:13]} 10. Nxc6 {[%emt 0:00:31]} exf4 {[%emt 0:05:44]} 11. Na5 {[%emt 0:36:22]} b4 {[%emt 0:07:53]} 12. Nxb7 {[%emt 0:09:18]} bxc3 {[%emt 0:00:32]} 13. Nd6+ {[%emt 0:04:08]} Bxd6 {[%emt 0:16:22]} 14. Qxd6 {[%emt 0:00:07]} cxb2+ {[%emt 0:01:36]} 15. Kb1 {[%emt 0:00:30]} Qxd6 {[%emt 0:08:24]} 16. Rxd6 {[%emt 0:00:06]} a5 {[%emt 0:04:32]} 17. Bb5 {[%emt 0:01:42]} Rb8 {[%emt 0:05:36]} 18. a4 {[%emt 0:01:15]} Nf6 {[%emt 0:03:15]} 19. f3 {[%emt 0:00:30]} Ke7 {[%emt 0:01:19]} 20. Rhd1 {[%emt 0:01:12]} Rhc8 {[%emt 0:04:46]} 21. e5 {[%emt 0:03:06]} Ne8 {[%emt 0:01:03]} 22. Rxd7+ {[%emt 0:00:26]} Ke6 {[%emt 0:01:56]} 23. R7d5 {[%emt 0:02:35]} Rc7 {[%emt 0:00:38]} 24. Rd8 {[%emt 0:01:36]} Ke7 {[%emt 0:01:18]} 1-0

[Event "28th WSCC Open 50 2018"]
[Site "Bled"]
[Date "2018.11.18"]
[Round "1"]
[White "Lochte, Thomas"]
[Black "Sturua, Zurab"]
[Result "0-1"]
[WhiteElo "2105"]
[BlackElo "2529"]
[Annotator "TA"]
[PlyCount "56"]
[EventDate "2018.11.17"]
[EventType "swiss"]
[EventCountry "SLO"]
[SourceTitle "playchess.com"]
[Source "ChessBase"]
[SourceQuality "1"]

{[%evp 17,56,-54,-32,-27,-27,-243,-226,-238,-212,-377,-316,-319,-320,-339,-323,-400,-364,-505,-509,-555,-572,-577,-583,-572,-573,-920,-906,-848,-825,-914,-910,-881,-708,-879,-833,-29981,-29982,-29982,-29983,-29975,-3126]} 1. e4 {[%cal Be2e4,Be4e5][%mdl 32]} c5 2. d4 cxd4 3. c3 Nf6 4. e5 Nd5 5. Qxd4 e6 {[%cal Be7e6,Be6e5][%mdl 32]} 6. Nf3 Nc6 7. Qe4 f5 8. exf6 Nxf6 9. Qh4 e5 {LiveBook: 9 Games. B22: Sicilian: 2 c3} (9... Be7 10. Bd3 O-O 11. Bg5 h6 12. Bxh6 gxh6 13. Qg3+ Kh8 14. Qg6 Bd6 15. Qxh6+ Kg8 16. Qg6+ Kh8 17. Qh6+ Kg8 18. Qg6+ Kh8 {½-½ (18) Hamdouchi,H (2627)-Bauer,C (2682) Pau 2012}) 10. Be2 $146 ({Predecessor:} 10. Bg5 d5 11. Bb5 Bc5 12. O-O O-O 13. Nbd2 e4 14. Nb3 Bd6 15. Nfd4 Ne7 16. Bd2 Ng6 17. Qg5 {½-½ (69) Cruzado Duenas,C (2463)-Voll,A (2514) ICCF email 2007}) 10... Be7 11. g4 $2 {[#]} (11. c4 $11) 11... d5 $1 $19 {Black is clearly better.} 12. g5 Ne4 13. Rg1 $2 (13. Be3) 13... Be6 14. Nbd2 Nd6 {[%cal Be4d6,Bd6f5,Bf5d4][%mdl 32]} 15. Qa4 {intending Nxe5.} O-O 16. h4 Rf4 17. Qb3 e4 18. Nd4 Nxd4 19. cxd4 Nf5 20. Qxb7 Nxd4 21. Bd1 Bc5 {Hoping for ...Nc2+!} 22. Nb3 Rb8 23. Nxc5 Rxb7 24. Nxb7 Qf8 25. Bxf4 Qxf4 26. Nc5 e3 {[%csl Ge3][%cal Rf4f2] Black mates.} 27. Nd3 Qe4 28. Nc5 Qxh4 {Accuracy: White = 37%, Black = 98%.} 0-1

[Event "28th WSCC Open 50 2018"]
[Site "Bled"]
[Date "2018.11.18"]
[Round "1"]
[White "Siedl, Manfred"]
[Black "Bischoff, Klaus"]
[Result "0-1"]
[WhiteElo "2071"]
[BlackElo "2507"]
[Annotator "ChessBase"]
[PlyCount "80"]
[EventDate "2018.11.17"]
[EventType "swiss"]
[EventCountry "SLO"]
[SourceTitle "playchess.com"]
[Source "ChessBase"]
[SourceQuality "1"]
[TimeControl "40/5400+30:1800+30"]

1. Nf3 {[%emt 0:00:00]} Nf6 {[%emt 0:00:00]} 2. e3 {[%emt 0:00:03]} d6 {[%emt 0:01:30]} 3. d4 {[%emt 0:02:26]} g6 {[%emt 0:00:38]} 4. Be2 {[%emt 0:03:31]} Bg7 {[%emt 0:00:10]} 5. O-O {[%emt 0:00:12]} O-O {[%emt 0:00:09]} 6. c4 {[%emt 0:04:18]} Nbd7 {[%emt 0:00:50]} 7. Nc3 {[%emt 0:01:12]} e5 {[%emt 0:00:21]} 8. Qc2 {[%emt 0:03:11]} Re8 {[%emt 0:01:34]} 9. dxe5 {[%emt 0:04:34]} dxe5 {[%emt 0:01:39]} 10. e4 {[%emt 0:00:58]} c6 {[%emt 0:02:19]} 11. Re1 {[%emt 0:05:35]} Nh5 {[%emt 0:03:39]} 12. g3 {[%emt 0:06:56]} Bf8 {[%emt 0:07:33]} 13. Nh4 {[%emt 0:10:34]} Ng7 {[%emt 0:02:10]} 14. Ng2 {[%emt 0:06:48]} Ne6 {[%emt 0:00:55]} 15. Be3 {[%emt 0:05:29]} Nd4 {[%emt 0:01:26]} 16. Qd1 {[%emt 0:01:44]} Nc5 {[%emt 0:01:26]} 17. Rb1 {[%emt 0:04:11]} a5 {[%emt 0:03:06]} 18. Kh1 {[%emt 0:05:10]} Bg7 {[%emt 0:03:22]} 19. Bf1 {[%emt 0:05:34]} h5 {[%emt 0:03:10]} 20. f3 {[%emt 0:04:19]} a4 {[%emt 0:01:10]} 21. Bf2 {[%emt 0:06:42]} Qf6 {[%emt 0:04:20]} 22. Nh4 {[%emt 0:02:59]} Rd8 {[%emt 0:07:06]} 23. f4 {[%emt 0:06:52]} Bg4 {[%emt 0:01:07]} 24. Qc1 {[%emt 0:02:06]} exf4 {[%emt 0:04:27]} 25. e5 {[%emt 0:00:35]} Qe7 {[%emt 0:05:11]} 26. gxf4 {[%emt 0:01:15]} Bh6 {[%emt 0:00:22]} 27. Qe3 {[%emt 0:01:50]} Nde6 {[%emt 0:01:59]} 28. Ng2 {[%emt 0:02:27]} Rd4 {[%emt 0:02:28]} 29. Qg3 {[%emt 0:01:07]} Bxf4 {[%emt 0:00:50]} 30. Nxf4 {[%emt 0:00:45]} Rxf4 {[%emt 0:00:06]} 31. Qg1 {[%emt 0:01:30]} Bf3+ {[%emt 0:00:55]} 32. Bg2 {[%emt 0:00:01]} Rg4 {[%emt 0:00:48]} 33. Bg3 {[%emt 0:00:29]} Bxg2+ {[%emt 0:00:26]} 34. Qxg2 {[%emt 0:00:02]} h4 {[%emt 0:00:17]} 35. Qf3 {[%emt 0:00:13]} Rxc4 {[%emt 0:00:11]} 36. Bf2 {[%emt 0:00:32]} Rd8 {[%emt 0:00:33]} 37. Bxc5 {[%emt 0:01:38]} Nxc5 {[%emt 0:00:19]} 38. Rbd1 {[%emt 0:00:40]} Rxd1 {[%emt 0:00:33]} 39. Rxd1 {[%emt 0:00:01]} Qxe5 {[%emt 0:00:25]} 40. Rf1 {[%emt 0:00:00]} Qe6 {[%emt 0:00:00]} 0-1

[Event "28th WSCC Open 50 2018"]
[Site "Bled"]
[Date "2018.11.18"]
[Round "1"]
[White "Cetinkaya, Vedat Ali"]
[Black "Prie, Eric"]
[Result "0-1"]
[WhiteElo "2056"]
[BlackElo "2482"]
[Annotator "TA"]
[PlyCount "64"]
[EventDate "2018.11.17"]
[EventType "swiss"]
[EventCountry "SLO"]
[SourceTitle "playchess.com"]
[Source "ChessBase"]
[SourceQuality "1"]

{[%evp 13,64,40,41,7,0,0,9,-13,43,-24,-20,-25,-20,-34,-18,-38,-27,-26,-12,0,0,0,11,-15,0,0,43,0,4,0,0,0,0,-70,-74,-164,-166,-339,-320,-631,-547,-602,-550,-1142,-1094,-1178,-1116,-29969,-29950,-5585,-5377,-29973,-29972]} 1. d4 Nf6 2. c4 c5 3. Nf3 cxd4 4. Nxd4 a6 5. Nc3 d5 6. e3 e5 {A31: Symmetrical English: 2 Nf3 Nf6 3 d4} 7. Nf3 e4 {LiveBook: 3 Games} 8. Nd4 dxc4 {The position is equal.} 9. Bxc4 b5 (9... Be7 10. Qc2 b5 11. Be2 Bb7 12. Nf5 O-O 13. O-O Qd7 14. Nxe7+ Qxe7 {0-1 (30) Nikolov,M (2543)-Antal,G (2546) Porto Rio 2015}) 10. Bb3 Bc5 $146 (10... Bb7 $11) ({Predecessor:} 10... Bd6 11. O-O Bxh2+ 12. Kxh2 Ng4+ 13. Kg3 Qd6+ 14. f4 Qg6 {0-1 (34) Porat,I (1889)-Simacek,P (2339) Karvina 2000}) 11. Nce2 ({White should play} 11. Qc2 $14) 11... O-O $11 12. O-O Nbd7 13. h3 Re8 14. Bc2 Ne5 15. b3 Ra7 16. Bb2 Rd7 17. Qb1 Bb7 18. Rd1 h5 19. Ng3 {[%cal Rg3e4]} Qa8 20. Ndf5 (20. b4 $5 Bxb4 21. a4 $11) 20... g6 $36 {[%mdl 2048] Black is pushing.} 21. Rxd7 Nfxd7 22. Nd4 {[%cal Rc2e4]} Nd3 23. Bxd3 (23. Nxe4 $11 Nxb2 24. Nxc5 Nxc5 25. Bxg6 Bxg2 26. Bxf7+ Kxf7 27. Qh7+ Kf8 28. Qh6+ Kf7 29. Qh7+ Kf8 30. Qh6+ Kf7 31. Qh7+) 23... exd3 $15 24. Qf1 (24. Qxd3 $17 Bxg2 25. Nde2) 24... h4 $19 25. Nh1 $2 (25. Ngf5 {was the only chance.} gxf5 26. Qxd3) 25... Re5 {[%cal Be8e5,Be5g5,Bg5g2][%mdl 32]} 26. Kh2 $2 (26. f3 Rxe3 27. Re1) 26... Qb8 27. Kg1 Rg5 28. f3 Ne5 {[#] aiming for ...Nxf3+!} 29. e4 Qd6 30. f4 Bxd4+ 31. Bxd4 Qxd4+ 32. Kh2 {[#]} Rxg2+ $1 {[%mdl 512] Accuracy: White = 20%, Black = 77%.} 0-1